Beatles Lyrics Quiz (Part 005) - Statistics

General Stats
  • This quiz has been taken 183 times
  • The average score is 137 of 237
Answer Stats
Answer % Correct
a
96%
you
94%
You
94%
the
87%
to
83%
when
80%
it
79%
do
78%
be
77%
And
75%
in
74%
your
73%
What
67%
E
66%
want
64%
who
63%
are
62%
man
60%
man,
60%
you're
60%
know
59%
of
58%
can
57%
all
52%
How
52%
One
51%
that
51%
there
51%
Baby
50%
Baby,
50%
baby,
50%
(baby)
50%
see
50%
feel
49%
too
49%
does
48%
rich
48%
as
43%
have
43%
people
40%
thing
40%
Now
39%
were
38%
(oh)
37%
money
35%
beautiful
34%
did
33%
keep
33%
big
31%
been
30%
going
30%
bag
29%
brown
29%
inside
27%
zoo
27%
eye
26%
far?
26%
Far
26%
you've
26%
very
24%
doesn't
22%
way
20%
Nothing
18%
traveled
17%
show
16%
often
14%
Often
14%
enough
13%
Happy
13%
play
13%
Tuned
11%
another
10%
found
9%
key
9%
natural
9%
No matching quizzes found
Score Distribution
Percent of People with Each Score
Percentile by Number Answered
Your Score History
You have not taken this quiz